000 00397nam a22001457a 4500
003 OSt
082 _a664
_bSAN/MI
088 _aT 640
100 _aSankar M
_97266
245 _aMicroencapsulation of ultrasound extracted jamun juice by spray drying /
260 _aTavanur :
_bDepartment of Processing and Food Engineering,
_c2025
300 _a201p
700 _aRajesh G. K (Guide)
942 _cTH
999 _c19460
_d19460